K CERO I.C.P. zdolal jediného rivala extraliga basketbalistiek - 19. kolo: Dve dvojice pre play-off určí až najbližšia sobota

Bibliographic Details
Format: Article
Language:Slovak
PhysicalDescription:Fotogr., tab.
ISSN:0139-7001
Subjects:

MARC

LEADER 00000nab a2200000 ar4500
001 vtls008640058
003 SK-MaSNL
005 20260303072411.0
008 060328c20060313xo sr|p|||||||000 b|slo
015 |a SNBRB2006/03  |2 snkbucl 
038 |a SNKBUCL 
040 |a SNKBUCL  |b slo  |c SNKBUCL  |e AACR2 
041 0 |a slo 
044 |a xo  |c SK 
080 |a 796.323.2.093.1  |2 UDC-MRF-SK2 
245 0 0 |a K CERO I.C.P. zdolal jediného rivala  |b extraliga basketbalistiek - 19. kolo: Dve dvojice pre play-off určí až najbližšia sobota 
300 |b Fotogr., tab. 
648 7 |a sezóna 2005/2006  |2 snkbucl  |9 1033192 
650 0 7 |a basketbal  |2 snkbucl  |9 3290 
650 0 7 |a ženy  |2 snkbucl  |9 4865 
650 0 7 |a extraliga   |2 snkbucl  |9 18992 
650 0 7 |a 19. kolo  |2 snkbucl  |9 872602 
773 0 |t Šport  |g Roč. 60, č. 60 (13.3.2006), s. 35  |x 0139-7001 
999 |c 1763287  |d 1765217